Un beso de Dick

שמור ב:
מידע ביבליוגרפי
מחבר ראשי: Molano Vargas, Fernando
פורמט: ספר
שפה:ספרדית
יצא לאור: Madrid Blatt & Ríos 2021
תגים: הוספת תג
אין תגיות, היה/י הראשונ/ה לתייג את הרשומה!

MARC

LEADER 00000nam a2200000 4500
005 20241222125400.0
008 241221b ag ||||| |||| 00| 0 spa d
020 |a 9788412430219 
040 |c CT 
100 |a Molano Vargas, Fernando 
245 |a Un beso de Dick 
260 |b Blatt & Ríos  |c 2021  |a Madrid 
942 |2 ddc  |c BK  |n 0 
952 |0 0  |1 0  |2 ddc  |4 0  |6 863_600000000000000_MOL_BES  |7 1  |9 2221  |a GE  |b GE  |d 2024-12-21  |l 0  |o 863.6 MOL BES  |p 1373  |r 2024-12-21 17:34:51  |w 2024-12-21  |y BK  |z Donazione di Claudio Tosi 
999 |c 1953  |d 1953